BTS Songs - Statistics

General Stats
  • This quiz has been taken 11,402 times
    9,584 since last reset
  • The average score is 56 of 141
Answer Stats
Album Year Song % Correct
MAP OF THE SOUL : PERSONA 2019 Boy With Luv
81%
O!RUL8,2? 2013 N.O
81%
Be 2020 Dynamite
78%
Map of the Soul: 7 2020 On
76%
Love Yourself: Answer 2018 Trivia: {Love}
76%
Skool Luv Affair 2014 Boy in Luv
72%
Be 2020 Life Goes On
70%
Love Yourself: Her 2017 DNA
69%
Love Yourself: Tear 2018 FAKE LOVE
69%
The Most Beautiful Moment in Life Pt. 2 2015 Run
68%
Love Yourself: Tear 2018 {Airplane} pt. 2
65%
Wings 2016 Blood Sweat and Tears
65%
Wings 2016 BTS {Cypher}
65%
Skool Luv Affair 2014 BTS {Cypher} Pt.: Triptych
65%
Dark & Wild 2014 BTS {Cypher} Pt. 3: Killer
65%
O!RUL8,2? 2013 BTS {Cypher} Pt. 4
65%
Love Yourself: Answer 2018 IDOL
65%
You Never Walk Alone 2017 Spring Day
64%
Map of the Soul: 7 2020 Black Swan
63%
Love Yourself: Answer 2018 Euphoria
63%
The Most Beautiful Moment in Life: Young Forever 2016 Burning Up
62%
2 Cool 4 Skool 2013 No More Dream
62%
MAP OF THE SOUL : PERSONA 2019 Intro: {Persona}
60%
Dark & Wild 2014 Danger
59%
2 Cool 4 Skool 2013 {We} {Are} {Bulletproof} Pt, 2
59%
The Most Beautiful Moment in Life Pt. 1 2015 I Need U
58%
Love Yourself: Her 2017 MIC Drop
58%
Map of the Soul: 7 2020 Filter
56%
Love Yourself: Her 2017 Intro: {Serendipity}
56%
Map of the Soul: 7 2020 Interlude: {Shadow}
55%
Love Yourself: Tear 2018 Outro: {Tear}
55%
The Most Beautiful Moment in Life: Young Forever 2016 Save Me
55%
Love Yourself: Tear 2018 Intro: {Singularity}
54%
Wings 2016 Lie
54%
Be 2020 Stay
54%
Wings 2016 Interlude: {Wings}
53%
Love Yourself: Answer 2018 Trivia: {Seesaw}
53%
MAP OF THE SOUL : PERSONA 2019 HOME
52%
You Never Walk Alone 2017 Not Today
52%
Map of the Soul: 7 2020 Outro: {Ego}
52%
The Most Beautiful Moment in Life: Young Forever 2016 Epilogue: {Young} {Forever}
51%
Map of the Soul: 7 2020 Moon
51%
Map of the Soul: 7 2020 We Are Bulletproof: {The} {Eternal}
51%
Be 2020 Blue and Grey
50%
The Most Beautiful Moment in Life Pt. 1 2015 Dope
50%
Love Yourself: Answer 2018 Epiphany
50%
Love Yourself: Her 2017 Go Go
50%
MAP OF THE SOUL : PERSONA 2019 Mikrokosmos
50%
Love Yourself: Tear 2018 Anpanman
49%
The Most Beautiful Moment in Life Pt. 2 2015 Butterfly
49%
MAP OF THE SOUL : PERSONA 2019 Dionysus
49%
Love Yourself: Tear 2018 Magic Shop
49%
Be 2020 Telepathy
49%
Be 2020 Dis-ease
48%
Map of the Soul: 7 2020 Friends
47%
MAP OF THE SOUL : PERSONA 2019 Make It Right
47%
Map of the Soul: 7 2020 My Time
47%
Love Yourself: Her 2017 Outro: {Her}
47%
Love Yourself: Answer 2018 Answer : {Love} {Myself}
46%
Dark & Wild 2014 War of Hormone
46%
Be 2020 Fly To My Room
45%
Love Yourself: Her 2017 Pied Piper
45%
Wings 2016 Stigma
45%
Love Yourself: Answer 2018 Trivia: {Just} {Dance}
45%
Love Yourself: Her 2017 dimple
44%
Map of the Soul: 7 2020 Ugh!
44%
Wings 2016 Begin
43%
Map of the Soul: 7 2020 00:00
42%
MAP OF THE SOUL : PERSONA 2019 Jamais Vu
41%
Wings 2016 MAMA
41%
The Most Beautiful Moment in Life Pt. 2 2015 Silver Spoon
41%
Map of the Soul: 7 2020 Inner Child
40%
Love Yourself: Tear 2018 Love Maze
40%
O!RUL8,2? 2013 Coffee
39%
Love Yourself: Answer 2018 I'm Fine
39%
Skool Luv Affair 2014 Just One Day
39%
Love Yourself: Tear 2018 The Truth Untold
39%
Map of the Soul: 7 2020 Louder Than Bombs
38%
You Never Walk Alone 2017 A Supplementary Story: {You} {Never} {Walk} {Alone}
37%
Wings 2016 Awake
37%
Love Yourself: Tear 2018 Paradise
37%
Love Yourself: Her 2017 Best Of Me
36%
Wings 2016 Intro: {Boy} {Meets} {Evil}
36%
Skool Luv Affair 2014 Jump
35%
The Most Beautiful Moment in Life Pt. 2 2015 Outro: {House} {of} {Cards}
35%
Love Yourself: Tear 2018 So What
35%
Dark & Wild 2014 24/7={Heaven}
34%
Wings 2016 First Love
34%
Love Yourself: Tear 2018 134340
32%
Wings 2016 21st Century Girl
32%
2 Cool 4 Skool 2013 Like
32%
Map of the Soul: 7 2020 Respect
32%
Be 2020 Skit
32%
The Most Beautiful Moment in Life Pt. 1 2015 Converse High
30%
Wings 2016 Reflection
29%
Wings 2016 2! 3!
28%
Dark & Wild 2014 2nd {Grade}
28%
The Most Beautiful Moment in Life Pt. 2 2015 Ma City
27%
The Most Beautiful Moment in Life Pt. 2 2015 Autumn Leaves
26%
Wings 2016 Lost
26%
Skool Luv Affair 2014 Spine Breaker
26%
The Most Beautiful Moment in Life Pt. 1 2015 Boyz with Fun
25%
Skool Luv Affair 2014 Tomorrow
25%
O!RUL8,2? 2013 Attack on Bangtan
24%
BTS World Original Soundtrack 2019 Dream Glow
24%
Dark & Wild 2014 Rain
24%
The Most Beautiful Moment in Life Pt. 2 2015 Whalien 52
24%
Wings 2016 Am I Wrong
23%
BTS World Original Soundtrack 2019 All Night
22%
2 Cool 4 Skool 2013 Intro: {2} {Cool} {4} {Skool}
22%
Skool Luv Affair 2014 Intro: {Skool} {Luv} {Affair}
22%
The Most Beautiful Moment in Life Pt. 1 2015 Intro: {The} {Most} {Beautiful} {Moment} {in} {Life}
22%
The Most Beautiful Moment in Life Pt. 1 2015 Hold Me Tight
20%
O!RUL8,2? 2013 Intro: {O!RUL8,2?}
20%
Dark & Wild 2014 Let Me Know
19%
BTS World Original Soundtrack 2019 A Brand New Day
18%
Skool Luv Affair (Special Edition) 2014 Miss Right
18%
The Most Beautiful Moment in Life Pt. 2 2015 Intro: {Never} {Mind}
17%
The Most Beautiful Moment in Life Pt. 1 2015 Outro: {Love} {Is} {Not} {Over}
17%
O!RUL8,2? 2013 We On
17%
Dark & Wild 2014 Embarrassed
15%
Dark & Wild 2014 Hip Hop Phile
14%
O!RUL8,2? 2013 If I Ruled the World
14%
Dark & Wild 2014 Look Here
14%
The Most Beautiful Moment in Life Pt. 1 2015 Moving On
13%
Skool Luv Affair 2014 Outro: {Propose}
13%
Dark & Wild 2014 Could You Turn off Your Cell Phone
12%
2 Cool 4 Skool 2013 Interlude
12%
O!RUL8,2? 2013 Paldogangsan
12%
Dark & Wild 2014 Intro: {What} {Am} {I} {to} {You}
11%
2 Cool 4 Skool 2013 Outro: {Circle} {Room} {Cypher}
11%
O!RUL8,2? 2013 Outro: {Luv} {in} {Skool}
10%
Skool Luv Affair 2014 Where You From
9%
Dark & Wild 2014 Outro: {Do} {You} {Think} {It} {Makes} {Sense?}
8%
Skool Luv Affair 2014 Skit: {Soulmate}
8%
The Most Beautiful Moment in Life Pt. 2 2015 Skit: {One} {Night} {in} {a} {Strange} {City}
7%
Love Yourself: Her 2017 Skit: {Billboard} {Awards} {Speech}
6%
Dark & Wild 2014 Interlude: {What} {Are} {You} {Doing} {Now}
5%
2 Cool 4 Skool 2013 Skit: {Circle} {Room} {Talk}
5%
The Most Beautiful Moment in Life Pt. 1 2015 Skit: {Expectation}
5%
O!RUL8,2? 2013 Skit: {R} {U} {Happy} {Now?}
5%
No matching quizzes found
Score Distribution
Percent of People with Each Score
Percentile by Number Answered
Your Score History
You have not taken this quiz since the last reset